[Event "Mondiale Lampo FIDE 2017"]
[Site "Riyadh"]
[Date "29.12.2017"]
[Round "6.4"]
[White "Meier, Georg"]
[Black "Karjakin, Sergey"]
[Result "0-1"]
[WhiteTitle "GM"]
[BlackTitle "GM"]
[WhiteElo "2650"]
[BlackElo "2760"]
[WhiteFideId "4675789"]
[BlackFideId "14109603"]
[EventDate "2017.12.29"]

1. Nf3 d5 2. g3 c6 3. Bg2 Bg4 4. h3 Bh5 5. c4 e6 6. O-O Nd7 7. cxd5 exd5 8. d3
Ngf6 9. Nc3 Be7 10. e4 O-O 11. exd5 Nxd5 12. Nxd5 cxd5 13. Be3 Bc5 14. d4 Bd6
15. Rc1 Re8 16. Re1 Nb6 17. g4 Bg6 18. Ne5 Be4 19. Qb3 Bxg2 20. Kxg2 h5 21. Qb5
Rc8 22. b3 Rxc1 23. Rxc1 Bxe5 24. dxe5 Rxe5 25. Qc5 hxg4 26. hxg4 Qd7 27. Kg3
Re4 28. f3 Re6 29. Qd4 Rc6 30. Rxc6 bxc6 31. a4 Nc8 32. Qc5 a6 33. Bf4 Ne7 34.
Qb6 Qc8 35. Qc5 Ng6 36. Bd6 Qd7 37. Kf2 f6 38. Bf4 Ne5 39. Qd4 c5 40. Qd2 d4 41.
Kg2 Qd5 42. Bxe5 Qxe5 43. Qd3 Qe3 44. Qxa6 d3 45. Qc8+ Kh7 46. Qf5+ Kh8 47. Qc8+
Kh7 48. Qf5+ g6 49. Qxf6 Qe2+ 50. Kg3 Qe1+ 51. Kg2 d2 52. g5 Qe2+ 53. Kg3 Qe1+
54. Kg2 Qe8 55. Qd6 Qe2+ 56. Kg3 d1=Q 0-1

[Event "Mondiale Lampo FIDE 2017"]
[Site "Riyadh"]
[Date "29.12.2017"]
[Round "6.5"]
[White "Dreev, Aleksey"]
[Black "Korobov, Anton"]
[Result "0-1"]
[WhiteTitle "GM"]
[BlackTitle "GM"]
[WhiteElo "2653"]
[BlackElo "2652"]
[WhiteFideId "4100107"]
[BlackFideId "14105730"]
[EventDate "2017.12.29"]

1. d4 d5 2. c4 c6 3. Nf3 Nf6 4. e3 Bg4 5. Nc3 e6 6. Qb3 Qc7 7. Nh4 Be7 8. h3 Bh5
9. g4 Bg6 10. Nxg6 hxg6 11. Bg2 Nbd7 12. cxd5 exd5 13. Qc2 Bd6 14. Bd2 O-O-O 15.
Rc1 Kb8 16. Qd3 Nb6 17. Nb5 Qe7 18. Nxd6 Qxd6 19. b3 Rde8 20. Kd1 Ne4 21. Be1 f5
22. f3 Nf6 23. Kc2 fxg4 24. hxg4 Rxh1 25. Bxh1 Rh8 26. Bd2 Rh2 27. Rd1 Qa3 28.
Kb1 Nc4 0-1

[Event "Mondiale Lampo FIDE 2017"]
[Site "Riyadh"]
[Date "29.12.2017"]
[Round "6.7"]
[White "Amonatov, Farrukh"]
[Black "Petrosian, Tigran L."]
[Result "1-0"]
[WhiteTitle "GM"]
[BlackTitle "GM"]
[WhiteElo "2636"]
[BlackElo "2601"]
[WhiteFideId "14700077"]
[BlackFideId "13301616"]
[EventDate "2017.12.29"]

1. e4 d6 2. d4 g6 3. Nf3 Nf6 4. Bd3 Bg7 5. O-O O-O 6. h3 Nc6 7. c3 e5 8. Re1 h6
9. Nbd2 Nh5 10. dxe5 Nxe5 11. Nxe5 Bxe5 12. Nf3 Bg7 13. Be3 b6 14. Qd2 Kh7 15.
Rad1 Bb7 16. Qc2 Qe7 17. a4 a6 18. b4 Nf6 19. Bd4 Nd7 20. Bxg7 Kxg7 21. Bc4 a5
22. Bd5 Bxd5 23. exd5 Qf6 24. Nd4 Rfe8 25. Nb5 Rxe1+ 26. Rxe1 Ne5 27. Re3 h5 28.
Qd1 Nc4 29. Re4 Ne5 30. Nxc7 Rc8 31. Nb5 axb4 32. cxb4 g5 33. Re1 g4 34. hxg4
hxg4 35. Qd4 Rh8 36. Nxd6 Kg8 37. Qxe5 Qh4 38. Qe8+ 1-0

[Event "Mondiale Lampo FIDE 2017"]
[Site "Riyadh"]
[Date "29.12.2017"]
[Round "6.8"]
[White "Grigoriants, Sergey"]
[Black "Yu, Yangyi"]
[Result "1-0"]
[WhiteTitle "GM"]
[BlackTitle "GM"]
[WhiteElo "2561"]
[BlackElo "2751"]
[WhiteFideId "4130804"]
[BlackFideId "8603820"]
[EventDate "2017.12.29"]

1. e4 d6 2. d4 Nf6 3. Nc3 g6 4. Be3 c6 5. h3 Nbd7 6. Nf3 Bg7 7. a4 O-O 8. Be2 a5
9. O-O Qc7 10. Nd2 b6 11. Re1 Bb7 12. Bf1 e6 13. Qc1 Rad8 14. Nc4 Rfe8 15. Bf4
e5 16. dxe5 dxe5 17. Be3 Bf8 18. Bg5 Be7 19. Qe3 Nc5 20. Rad1 Ba6 21. Qf3 Nh5
22. Bxe7 Rxe7 23. Rxd8+ Qxd8 24. Rd1 Qc7 25. Ne3 Bxf1 26. Kxf1 Ne6 27. Ne2 Nhf4
28. Nxf4 exf4 29. Ng4 Ng5 30. Qc3 Nxe4 31. Nh6+ 1-0

[Event "Mondiale Lampo FIDE 2017"]
[Site "Riyadh"]
[Date "29.12.2017"]
[Round "6.10"]
[White "Andriasian, Zaven"]
[Black "Vidit, Santosh Gujrathi"]
[Result "1-0"]
[WhiteTitle "GM"]
[BlackTitle "GM"]
[WhiteElo "2585"]
[BlackElo "2715"]
[WhiteFideId "13302000"]
[BlackFideId "5029465"]
[EventDate "2017.12.29"]

1. e4 e5 2. Nf3 Nc6 3. Bc4 Bc5 4. O-O Nf6 5. d3 O-O 6. Nbd2 d6 7. c3 a5 8. h3 h6
9. Re1 Be6 10. Bb5 Qb8 11. Nf1 Qa7 12. Qe2 Ne7 13. Ba4 Ng6 14. Ng3 c6 15. Rd1 b5
16. Bc2 Bb6 17. d4 Rfe8 18. Be3 Rad8 19. a4 Nf4 20. Qd2 Ng6 21. axb5 cxb5 22.
Bd3 Bd7 23. Qc2 a4 24. Nf5 Qc7 25. Re1 Nf8 26. Nxd6 Qxd6 27. dxe5 Qc6 28. exf6
Qxf6 29. e5 Qe6 30. Rad1 Bxe3 31. Rxe3 Qb6 32. Nd4 Ne6 33. Nf5 Nf4 34. Nd6 Re7
35. Bf1 Qc7 36. Qe4 Ng6 37. f4 Qa7 38. Qd4 Qc7 39. Nxb5 Qb8 40. c4 Nf8 41. f5
Ree8 42. Nd6 Bxf5 43. Qc3 Bg6 44. c5 Re7 45. Rd4 Ra7 1-0

[Event "Mondiale Lampo FIDE 2017"]
[Site "Riyadh"]
[Date "29.12.2017"]
[Round "6.11"]
[White "Kasimdzhanov, Rustam"]
[Black "Demchenko, Anton"]
[Result "1-0"]
[WhiteTitle "GM"]
[BlackTitle "GM"]
[WhiteElo "2683"]
[BlackElo "2660"]
[WhiteFideId "14200244"]
[BlackFideId "4160258"]
[EventDate "2017.12.29"]

1. e4 c5 2. Nf3 d6 3. Bb5+ Nc6 4. c3 Qb6 5. Ba4 Bg4 6. O-O Nf6 7. Re1 e6 8. h3
Bh5 9. d4 cxd4 10. cxd4 d5 11. exd5 Nxd5 12. Nc3 O-O-O 13. Bg5 f6 14. Nxd5 Rxd5
15. Be3 Bb4 16. Rf1 Kb8 17. Bb3 Rdd8 18. Bxe6 Nxd4 19. Bxd4 Qxe6 20. Bxa7+ Kxa7
21. Qa4+ Kb8 22. Qxb4 Qd6 23. Qb3 Qd3 24. Qb4 Qd6 25. Qxd6+ Rxd6 26. g4 Bf7 27.
Rfd1 Rhd8 28. Rxd6 Rxd6 29. Kf1 Bc4+ 30. Ke1 Re6+ 31. Kd2 Re2+ 32. Kc3 Bd5 33.
Nd4 Rxf2 34. Re1 Rh2 35. Re3 Bg2 36. Ne6 1-0

[Event "Mondiale Lampo FIDE 2017"]
[Site "Riyadh"]
[Date "29.12.2017"]
[Round "6.12"]
[White "Anand, Viswanathan"]
[Black "Sargissian, Gabriel"]
[Result "1/2-1/2"]
[WhiteTitle "GM"]
[BlackTitle "GM"]
[WhiteElo "2782"]
[BlackElo "2672"]
[WhiteFideId "5000017"]
[BlackFideId "13300881"]
[EventDate "2017.12.29"]

1. Nf3 d5 2. g3 c6 3. Bg2 Bg4 4. O-O e6 5. d3 Bd6 6. e4 Ne7 7. Nbd2 O-O 8. c3
Nd7 9. d4 Bh5 10. Re1 Rc8 11. Qb3 Qb6 12. Qc2 c5 13. exd5 Nxd5 14. Nc4 Qc7 15.
Nxd6 Qxd6 16. dxc5 Nxc5 17. Ne5 Nd7 18. Qe4 Nxe5 19. Qxe5 Qxe5 20. Rxe5 Bg6 21.
Bxd5 exd5 22. Be3 a6 23. Rxd5 Rfd8 24. Rad1 Rxd5 25. Rxd5 Be4 26. Rd6 Bc6 27.
Kf1 f6 28. Ke2 Kf7 29. c4 Ke7 30. Bc5 Kf7 31. b3 Re8+ 32. Kd2 Re5 33. Be3 Re7
34. Kc3 Rd7 35. Rxd7+ Bxd7 36. Kd4 Bc6 37. Kc5 Ke6 38. Kb6 Kd7 39. b4 Bf3 40. b5
axb5 41. cxb5 g5 42. a4 h5 43. h4 gxh4 44. gxh4 f5 45. Bf4 Be4 46. a5 Bf3 47.
Kc5 Be2 48. Kb6 Bf3 49. a6 bxa6 50. bxa6 Kc8 51. Kc5 Be2 52. a7 Kb7 53. Bb8 Bg4
54. Kd4 Bd1 55. Ke5 Bg4 56. Kf4 Bh3 57. Kg3 Bf1 58. Kf3 Ka8 59. Kf4 Bh3 1/2-1/2

[Event "Mondiale Lampo FIDE 2017"]
[Site "Riyadh"]
[Date "29.12.2017"]
[Round "6.13"]
[White "Melkumyan, Hrant"]
[Black "Grischuk, Alexander"]
[Result "0-1"]
[WhiteTitle "GM"]
[BlackTitle "GM"]
[WhiteElo "2633"]
[BlackElo "2772"]
[WhiteFideId "13302485"]
[BlackFideId "4126025"]
[EventDate "2017.12.29"]

1. d4 e6 2. Nf3 f5 3. c4 Nf6 4. g3 d5 5. Bg2 Bd6 6. O-O O-O 7. b3 b6 8. Ba3 Ne4
9. Bxd6 Qxd6 10. cxd5 exd5 11. e3 Ba6 12. Re1 Nd7 13. Qc1 c5 14. Qa3 Bb7 15.
dxc5 bxc5 16. Nbd2 Ndf6 17. Rad1 Ng4 18. Nc4 Qe7 19. Na5 Ngxf2 20. Ra1 Nd3 21.
Rf1 Rae8 22. Nxb7 Qxb7 23. Rad1 c4 24. bxc4 dxc4 25. Nd4 Qb6 26. Bxe4 fxe4 27.
Qc3 Qc5 28. Rxf8+ Rxf8 29. Rf1 Rxf1+ 30. Kxf1 Qd5 31. Ke2 Qh5+ 32. Kf1 Qf7+ 33.
Kg2 h6 34. Qa5 Kh7 35. Qa6 c3 36. Qc8 Qxa2+ 37. Kh3 Nf2+ 38. Kg2 Nd1+ 39. Kg1
Nxe3 40. Qh3 0-1

[Event "Mondiale Lampo FIDE 2017"]
[Site "Riyadh"]
[Date "29.12.2017"]
[Round "6.14"]
[White "Fedoseev, Vladimir3"]
[Black "Kravtsiv, Martyn"]
[Result "0-1"]
[WhiteTitle "GM"]
[BlackTitle "GM"]
[WhiteElo "2718"]
[BlackElo "2672"]
[WhiteFideId "24130737"]
[BlackFideId "14113147"]
[EventDate "2017.12.29"]

1. e4 e5 2. Nf3 Nc6 3. Bb5 a6 4. Ba4 Nf6 5. O-O Be7 6. Re1 b5 7. Bb3 O-O 8. d4
d6 9. c3 Bg4 10. Be3 exd4 11. cxd4 Na5 12. Nbd2 Nxb3 13. axb3 Re8 14. h3 Bd7 15.
Qc2 Bf8 16. d5 a5 17. Nd4 a4 18. b4 g6 19. Rac1 Bg7 20. Qd3 Rb8 21. Rc2 Rb7 22.
Rec1 Nh5 23. N2f3 Nf6 24. Nd2 Nh5 25. Nb1 f5 26. Ne6 Bxe6 27. dxe6 Qe7 28. exf5
gxf5 29. Qxf5 Nf6 30. Qf3 d5 31. Rc6 Ne4 32. Bc5 Qf6 33. Qxf6 Bxf6 34. Rc2 d4
35. Re2 Nxc5 36. bxc5 b4 37. Ra6 Rb5 38. Rxa4 Rxc5 39. Nd2 Rc2 40. Ne4 Rc1+ 41.
Kh2 Be5+ 42. Ng3 Rxe6 43. Rd2 c5 44. Ra7 Bf4 45. Rd3 Ree1 0-1

[Event "Mondiale Lampo FIDE 2017"]
[Site "Riyadh"]
[Date "29.12.2017"]
[Round "6.17"]
[White "Akobian, Varuzhan"]
[Black "Nepomniachtchi, Ian"]
[Result "0-1"]
[WhiteTitle "GM"]
[BlackTitle "GM"]
[WhiteElo "2647"]
[BlackElo "2729"]
[WhiteFideId "13300580"]
[BlackFideId "4168119"]
[EventDate "2017.12.29"]

1. d4 Nf6 2. c4 g6 3. Nc3 d5 4. cxd5 Nxd5 5. e4 Nxc3 6. bxc3 Bg7 7. Nf3 O-O 8.
Be3 c5 9. Qd2 Qa5 10. Rc1 Nd7 11. d5 Nf6 12. c4 Qxd2+ 13. Nxd2 b6 14. h3 e6 15.
Bd3 Re8 16. O-O Ba6 17. Bc2 exd5 18. exd5 b5 19. Bd3 bxc4 20. Bxc4 Bxc4 21. Rxc4
Nxd5 22. Bxc5 Re2 23. Nf3 Rxa2 24. Rd1 Ra1 25. Rxa1 Bxa1 26. Ra4 Bf6 27. Rxa7
Rc8 28. Bd4 Rc1+ 29. Kh2 Rc2 30. Rd7 Bxd4 31. Nxd4 Rc5 32. Nf3 Nf6 33. Rd2 Ne4
34. Re2 f5 35. h4 Rc4 36. g3 Kg7 37. Kg2 h6 38. Rb2 Rc7 39. Ne5 Re7 40. Nf3 Nf6
41. Rc2 Ng4 42. Nh2 Nf6 43. Nf3 f4 44. gxf4 Nh5 45. Rc4 Rf7 46. Ne5 Rxf4 47.
Rxf4 Nxf4+ 48. Kf3 Ne6 49. Ke4 h5 50. f4 Nc5+ 51. Kd5 Nb3 52. Ke4 Nd2+ 53. Ke3
Nf1+ 54. Kf2 Nd2 55. Ke3 Nb3 56. Ke4 Nc5+ 57. Kd5 Na4 58. Ke4 Nc3+ 59. Kd3 Nd5
60. Ke4 Ne7 61. Nf3 Kf6 62. Nd4 Nc8 63. Kd5 Nb6+ 64. Ke4 Nc4 65. Kd5 Ne3+ 66.
Ke4 Nc4 67. Kd5 Nd2 68. Kc5 Nf1 69. Kd5 Ng3 70. Nf3 Kf5 71. Kd4 Kxf4 72. Ne5
Nf5+ 73. Kd5 Nxh4 74. Ke6 g5 75. Kf6 g4 76. Nd3+ Ke3 77. Ne5 Nf3 78. Ng6 g3 0-1

[Event "Mondiale Lampo FIDE 2017"]
[Site "Riyadh"]
[Date "29.12.2017"]
[Round "6.20"]
[White "Naiditsch, Arkadij"]
[Black "Le, Quang Liem"]
[Result "0-1"]
[WhiteTitle "GM"]
[BlackTitle "GM"]
[WhiteElo "2705"]
[BlackElo "2737"]
[WhiteFideId "4650891"]
[BlackFideId "12401137"]
[EventDate "2017.12.29"]

1. e4 e6 2. d4 d5 3. Nd2 c5 4. exd5 Qxd5 5. dxc5 Bxc5 6. Ngf3 Nf6 7. Bc4 Qc6 8.
Qe2 O-O 9. Nb3 Nbd7 10. Bf4 Bd6 11. Nbd4 Qb6 12. Bxd6 Qxd6 13. O-O-O Qf4+ 14.
Kb1 Nb6 15. Bb3 a5 16. a4 Bd7 17. Nb5 Rad8 18. Rd4 Bxb5 19. Qxb5 Rxd4 20. Qxb6
Rd7 21. Qxa5 Ne4 22. Ka2 Nxf2 23. Rf1 Ng4 24. Qb5 Rfd8 25. Ng5 Qe5 26. Qb6 Qxg5
27. Bxe6 Qe3 28. Rxf7 Qxb6 0-1

[Event "Mondiale Lampo FIDE 2017"]
[Site "Riyadh"]
[Date "29.12.2017"]
[Round "6.21"]
[White "Safarli, Eltaj"]
[Black "Anton Guijarro, David"]
[Result "1/2-1/2"]
[WhiteTitle "GM"]
[BlackTitle "GM"]
[WhiteElo "2639"]
[BlackElo "2666"]
[WhiteFideId "13402129"]
[BlackFideId "2285525"]
[EventDate "2017.12.29"]

1. e4 e5 2. Nf3 Nc6 3. Nc3 Nf6 4. a3 d6 5. d4 Bg4 6. dxe5 dxe5 7. Qxd8+ Rxd8 8.
Bb5 Bxf3 9. gxf3 Bd6 10. Bg5 O-O 11. Bxf6 gxf6 12. Nd5 Nd4 13. Bd3 Nxf3+ 14. Ke2
Nd4+ 15. Kf1 f5 16. exf5 f6 17. Be4 c6 18. Ne3 Bc5 19. Rd1 Nb5 20. Ke2 Bxe3 21.
Kxe3 Nd6 22. Rhg1+ Kf7 23. b3 Ke7 24. Rd3 Rg8 25. Rg3 Nf7 26. Rxd8 Rxg3+ 27.
hxg3 Kxd8 28. b4 Nd6 29. Bd3 b6 30. c3 Ke7 31. Kf3 Kf7 32. Kg4 Kg7 33. f3 Kf7
34. Kh5 Kg7 35. g4 h6 36. Kh4 c5 37. bxc5 bxc5 38. Kg3 Kf7 39. Kf2 Ke7 40. Ke3
Kd7 41. Be2 Kc6 42. Kd2 c4 43. Kc2 Kd5 44. Kd2 Nb5 45. a4 Nd6 46. Bd1 Nb7 47.
Bc2 Nc5 48. Ke3 Kd6 49. Ke2 Kd5 50. Ke3 Kd6 51. Kf2 a5 52. Kg3 Ke7 53. Kf2 Kd6
54. Ke3 Kd5 55. Ke2 Kd6 1/2-1/2

[Event "Mondiale Lampo FIDE 2017"]
[Site "Riyadh"]
[Date "29.12.2017"]
[Round "6.22"]
[White "Savchenko, Boris"]
[Black "Wang, Yue"]
[Result "1/2-1/2"]
[WhiteTitle "GM"]
[BlackTitle "GM"]
[WhiteElo "2566"]
[BlackElo "2690"]
[WhiteFideId "4147332"]
[BlackFideId "8601429"]
[EventDate "2017.12.29"]

1. e4 e5 2. Nf3 Nf6 3. Nc3 Bb4 4. a3 Bxc3 5. dxc3 d6 6. Nd2 Nbd7 7. c4 Nc5 8.
Bd3 a5 9. b3 O-O 10. O-O Qe7 11. Re1 Bg4 12. f3 Be6 13. Nf1 Nh5 14. Ne3 Nf4 15.
Bf1 h5 16. Nd5 Bxd5 17. exd5 Qf6 18. Be3 h4 19. Qd2 b6 20. Qc3 Qf5 21. b4 Nd7
22. g3 Ng6 23. Bf2 hxg3 24. hxg3 Nf6 25. Qd3 Qg5 26. Qe3 Qxe3 27. Bxe3 e4 28.
fxe4 Nxe4 29. Kg2 f5 30. Bd4 axb4 31. axb4 Rxa1 32. Rxa1 Ne5 33. Re1 Nd7 34. Bd3
Re8 35. g4 g6 36. gxf5 gxf5 37. Rf1 Rf8 38. Rh1 Ne5 39. Bxe5 dxe5 40. Bxe4 fxe4
41. Rh5 e3 42. Rxe5 Rf2+ 43. Kg3 Rxc2 44. Re4 e2 45. Kf2 Kf7 46. Ke1 Kf6 47. Rh4
Ke5 48. Rg4 Rb2 49. Rh4 Rc2 50. Rg4 Kd6 51. Re4 Rb2 52. Re6+ Kd7 53. Re4 Kd6 54.
Re6+ Kd7 55. Re4 Rc2 56. Rh4 Ke7 57. Rf4 b5 58. c5 Rb2 59. Rd4 Kd7 60. Re4 Kd8
61. c6 Rc2 62. Rxe2 Rc4 63. Rh2 Re4+ 64. Kf2 Rxb4 65. Rh8+ Ke7 66. Rh6 Rd4 67.
Rh7+ Kd8 68. Rd7+ Kc8 69. Ke3 Rh4 70. Kd3 b4 71. Re7 Kd8 72. Rf7 b3 73. Rd7+ Kc8
74. Kc3 Rh3+ 75. Kb2 Rd3 76. Ka3 Kb8 77. Kb2 Kc8 78. Ka3 Kb8 1/2-1/2

[Event "Mondiale Lampo FIDE 2017"]
[Site "Riyadh"]
[Date "29.12.2017"]
[Round "6.23"]
[White "Laznicka, Viktor"]
[Black "Socko, Bartosz"]
[Result "0-1"]
[WhiteTitle "GM"]
[BlackTitle "GM"]
[WhiteElo "2647"]
[BlackElo "2593"]
[WhiteFideId "316385"]
[BlackFideId "1107038"]
[EventDate "2017.12.29"]

1. d4 Nf6 2. Bg5 e6 3. e4 h6 4. Bxf6 Qxf6 5. c3 d6 6. Bd3 e5 7. Ne2 g6 8. O-O
Bg7 9. f4 Qe7 10. Nd2 O-O 11. Nf3 Bg4 12. h3 Bxf3 13. Rxf3 exd4 14. cxd4 c5 15.
dxc5 dxc5 16. e5 Nc6 17. Qb3 Kh8 18. Be4 Rac8 19. Rd1 Rfd8 20. Rxd8+ Nxd8 21.
Nc3 c4 22. Qc2 Ne6 23. Rf1 Rd8 24. Kh1 Qc5 25. Qe2 b5 26. Qg4 b4 27. Ne2 Qe3 28.
Ng3 h5 29. Qh4 Rd4 30. f5 Qg5 31. Qxg5 Nxg5 32. Bb1 Bxe5 33. Ne2 Rd2 34. h4 Nh7
35. Ng1 Kg7 36. Nf3 Re2 37. fxg6 fxg6 38. Nxe5 Rxe5 39. Kh2 Nf6 40. Rc1 Re3 41.
g3 Re2+ 42. Kg1 Rxb2 43. Kf1 a5 44. Ke1 a4 45. Kd1 Nd5 0-1

[Event "Mondiale Lampo FIDE 2017"]
[Site "Riyadh"]
[Date "29.12.2017"]
[Round "6.24"]
[White "Kryvoruchko, Yuriy"]
[Black "Pantsulaia, Levan"]
[Result "1-0"]
[WhiteTitle "GM"]
[BlackTitle "GM"]
[WhiteElo "2689"]
[BlackElo "2612"]
[WhiteFideId "14109182"]
[BlackFideId "13602071"]
[EventDate "2017.12.29"]

1. e4 c6 2. d4 d5 3. e5 Bf5 4. Nf3 e6 5. Be2 Nd7 6. O-O Ne7 7. c3 Ng6 8. Ne1 h5
9. Nd2 h4 10. h3 Qb6 11. Ndf3 f6 12. exf6 gxf6 13. Bd3 Bxd3 14. Nxd3 Bd6 15. Re1
Kf7 16. b4 Rae8 17. Nc5 Bxc5 18. bxc5 Qc7 19. Rb1 b6 20. cxb6 axb6 21. a4 Rhg8
22. Nh2 f5 23. Qh5 Rh8 24. Qg5 Nf6 25. Nf3 Ne4 26. Qe3 Ra8 27. Rb4 c5 28. dxc5
bxc5 29. Rb5 Rxa4 30. Ng5+ Nxg5 31. Qxg5 Re4 32. Be3 f4 33. Reb1 Ne7 34. Bxc5
Qe5 35. Qxe7+ Kg6 36. Rb7 Rh6 37. Qf7+ Kg5 38. Be7+ Rf6 39. Bxf6+ Qxf6 40. Qxf6+
Kxf6 41. Kf1 Rc4 42. R7b3 e5 43. Rd1 Ke6 44. Rb6+ Kf5 45. Rxd5 Ke4 46. Rd1 Rxc3
47. Re1+ Kf5 48. Rb5 1-0

[Event "Mondiale Lampo FIDE 2017"]
[Site "Riyadh"]
[Date "29.12.2017"]
[Round "6.25"]
[White "Saric, Ivan"]
[Black "Zhigalko, Sergei"]
[Result "0-1"]
[WhiteTitle "GM"]
[BlackTitle "GM"]
[WhiteElo "2669"]
[BlackElo "2641"]
[WhiteFideId "14508150"]
[BlackFideId "13502956"]
[EventDate "2017.12.29"]

1. e4 c5 2. Nf3 Nc6 3. Bb5 Nf6 4. Bxc6 dxc6 5. d3 Bg4 6. h3 Bh5 7. Nc3 Qc7 8. g4
Bg6 9. e5 Nd5 10. Bd2 e6 11. Qe2 Nb4 12. O-O-O c4 13. Bg5 cxd3 14. cxd3 h6 15.
Bh4 Qd7 16. d4 Be7 17. a3 Nd5 18. Ne4 Nf4 19. Qc2 Qd5 20. Rhe1 Ng2 21. Bxe7 Nxe1
22. Rxe1 Kxe7 23. h4 h5 24. g5 Rhd8 25. Qc5+ Qxc5+ 26. Nxc5 b6 27. Nb7 Rd5 28.
Nd6 c5 29. b4 cxd4 30. Kd2 a5 31. Rc1 axb4 32. axb4 Ra2+ 33. Ke1 Kd7 34. Nc4 Ra6
35. Kd2 Be4 36. Ne1 b5 37. Na5 Rxe5 38. f3 Bg6 39. Rd1 Ra7 40. f4 Rd5 41. Nf3 f6
42. gxf6 gxf6 43. Rg1 Bf7 44. Rg7 Ke8 45. Rh7 Rc7 46. Rh8+ Ke7 47. Rh7 d3 48.
Nb3 Rc2+ 49. Kd1 Rf2 50. Nbd4 d2 51. Rg7 Rf1+ 52. Kxd2 Rxf3 0-1

[Event "Mondiale Lampo FIDE 2017"]
[Site "Riyadh"]
[Date "29.12.2017"]
[Round "6.26"]
[White "Jumabayev, Rinat"]
[Black "Cheparinov, Ivan"]
[Result "0-1"]
[WhiteTitle "GM"]
[BlackTitle "GM"]
[WhiteElo "2612"]
[BlackElo "2710"]
[WhiteFideId "13702661"]
[BlackFideId "2905540"]
[EventDate "2017.12.29"]

1. e4 e5 2. Nf3 Nc6 3. Bc4 Bc5 4. O-O Nf6 5. d3 d6 6. c3 h6 7. a4 a5 8. h3 O-O
9. Re1 Bb6 10. Nbd2 Ne7 11. Nf1 Ng6 12. Bb3 Re8 13. Ng3 Be6 14. Bc2 d5 15. exd5
Bxd5 16. Be3 Bxe3 17. Rxe3 Qd7 18. Qd2 Rad8 19. Rae1 Bxf3 20. Rxf3 Nd5 21. Nf5
Nde7 22. d4 exd4 23. Nxh6+ gxh6 24. Qxh6 Qd6 25. Bb3 Nd5 26. Rd1 c5 27. h4 Re6
28. h5 Nge7 29. Qg5+ Kf8 30. cxd4 cxd4 31. Rg3 Qf4 32. Qg7+ Ke8 33. Bc4 Kd7 34.
Rxd4 Qe5 35. h6 Kc7 36. Qxe5+ Rxe5 37. Rg7 Rh8 38. Rxf7 Re1+ 39. Bf1 Kb6 40. h7
Re6 41. g3 Rf6 42. Rg7 Nf5 43. Rxd5 Nxg7 44. Rb5+ Kc7 45. Bd3 b6 46. Rg5 Rf7 47.
Bc4 Re7 48. Bg8 Ne8 49. Rg4 Nf6 50. Rc4+ Kd6 51. b4 Nxg8 52. hxg8=Q Rxg8 53.
bxa5 bxa5 54. Rh4 Rge8 55. Rh5 Re5 56. Rh6+ R8e6 0-1

[Event "Mondiale Lampo FIDE 2017"]
[Site "Riyadh"]
[Date "29.12.2017"]
[Round "6.27"]
[White "Movsesian, Sergei"]
[Black "Zhao, Jun"]
[Result "1-0"]
[WhiteTitle "GM"]
[BlackTitle "GM"]
[WhiteElo "2647"]
[BlackElo "2604"]
[WhiteFideId "310204"]
[BlackFideId "8602522"]
[EventDate "2017.12.29"]

1. e4 e5 2. Nf3 Nc6 3. Nc3 Nf6 4. Bb5 Bd6 5. d3 h6 6. h3 O-O 7. g4 Nd4 8. Bc4
Nxf3+ 9. Qxf3 Nh7 10. h4 Bb4 11. g5 Bxc3+ 12. bxc3 Kh8 13. gxh6 g6 14. Qg3 d6
15. f4 exf4 16. Bxf4 Be6 17. Bb3 a5 18. Be3 c5 19. Kd2 Qe7 20. Raf1 a4 21. Bxe6
Qxe6 22. c4 Rae8 23. Rhg1 Rg8 24. Qf4 Re7 25. a3 Rge8 26. Kc1 Rb8 27. Bd2 Rbe8
28. h5 g5 29. Bc3+ f6 30. Bxf6+ Nxf6 31. Qxf6+ Qxf6 32. Rxf6 1-0

[Event "Mondiale Lampo FIDE 2017"]
[Site "Riyadh"]
[Date "29.12.2017"]
[Round "6.28"]
[White "Adhiban, Baskaran"]
[Black "Vallejo Pons, Francisco"]
[Result "0-1"]
[WhiteTitle "GM"]
[BlackTitle "GM"]
[WhiteElo "2655"]
[BlackElo "2707"]
[WhiteFideId "5018471"]
[BlackFideId "2205530"]
[EventDate "2017.12.29"]

1. d4 d5 2. Bg5 h6 3. Bd2 Nf6 4. c4 c5 5. e3 cxd4 6. exd4 Nc6 7. cxd5 Nxd5 8.
Nf3 Bg4 9. Nc3 e6 10. Qb3 Bxf3 11. gxf3 Nxd4 12. Qa4+ Nc6 13. O-O-O Be7 14. Rg1
Bf6 15. Ne4 Qb6 16. Nd6+ Kf8 17. Nc4 Qxf2 18. Rg4 Rc8 19. Kb1 b5 20. Qa6 Rc7 21.
Qxb5 Qxf3 22. Ne3 Nxe3 23. Bb4+ Kg8 24. Be2 Qf5+ 25. Qxf5 exf5 0-1

[Event "Mondiale Lampo FIDE 2017"]
[Site "Riyadh"]
[Date "29.12.2017"]
[Round "6.29"]
[White "Eljanov, Pavel"]
[Black "Rakhmanov, Aleksandr"]
[Result "0-1"]
[WhiteTitle "GM"]
[BlackTitle "GM"]
[WhiteElo "2711"]
[BlackElo "2653"]
[WhiteFideId "14102951"]
[BlackFideId "4173708"]
[EventDate "2017.12.29"]

1. c4 d6 2. g3 g6 3. Bg2 Bg7 4. Nc3 Nf6 5. e4 e5 6. Nge2 Nc6 7. d3 O-O 8. O-O
Nd7 9. Be3 Nd4 10. Qd2 Nc5 11. b4 Nxe2+ 12. Nxe2 Ne6 13. a4 Nd4 14. Nxd4 exd4
15. Bg5 f6 16. Bh6 Bxh6 17. Qxh6 a5 18. Qd2 axb4 19. Qxb4 c5 20. Qd2 Qa5 21.
Qxa5 Rxa5 22. Rfb1 Kf7 23. Rb5 Ra7 24. Rb6 Ke7 25. a5 Kd7 26. Bh3+ Kc7 27. Bxc8
Rxc8 28. Rab1 Rb8 29. R6b5 Ra6 30. h4 b6 31. axb6+ Raxb6 32. Rxb6 Rxb6 33. Rxb6
Kxb6 34. f4 h6 35. Kf2 Ka5 36. Kf3 Kb4 37. f5 g5 38. Kg4 Kc3 39. Kh5 gxh4 40.
gxh4 0-1

[Event "Mondiale Lampo FIDE 2017"]
[Site "Riyadh"]
[Date "29.12.2017"]
[Round "6.30"]
[White "Aronian, Levon"]
[Black "Sethuraman, S.P."]
[Result "1/2-1/2"]
[WhiteTitle "GM"]
[BlackTitle "GM"]
[WhiteElo "2805"]
[BlackElo "2646"]
[WhiteFideId "13300474"]
[BlackFideId "5021596"]
[EventDate "2017.12.29"]

1. d4 d5 2. Bf4 Nf6 3. e3 c5 4. c3 Nc6 5. Nd2 Bf5 6. Qb3 Qc8 7. dxc5 e5 8. Bg5
Be6 9. Bxf6 gxf6 10. c4 dxc4 11. Bxc4 Bxc5 12. Rc1 Bb4 13. Nf3 e4 14. Nd4 Bxd2+
15. Kxd2 Nxd4 16. exd4 Bxc4 17. Rxc4 Qd7 18. Re1 f5 19. Qg3 Qe6 20. Rc5 Kf8 21.
Qe5 Rg8 22. g3 Rd8 23. Qxf5 Rxd4+ 24. Kc2 Qxf5 25. Rxf5 Rg6 26. Rc5 b6 27. Rc7
a5 28. Rd1 Rxd1 29. Kxd1 Rd6+ 30. Ke2 Rd4 31. a3 Kg7 32. Rc6 b5 33. Rc5 b4 34.
Rxa5 bxa3 35. Rxa3 Kg6 36. Rc3 f5 37. Ke3 Rd1 38. f3 exf3 39. b3 Rh1 40. h4 Rf1
41. Kf4 f2 42. Rc2 Rb1 43. Rxf2 Rxb3 1/2-1/2